000 00331pab a2200145 454500
008 180718b2002 xxu||||| |||| 00| 0 eng d
100 _aKhader, S.A.
245 _aProductivity in the age of globalization
260 _c2002
300 _ap.4-8.
362 _aJun
650 _aProductivity
773 _aYojana
909 _a52436
999 _c52436
_d52436